Verhandlungen des XXXVIII Internationalen Amerikanistenkongresses : band I /

Gespeichert in:
Bibliographische Detailangaben
Körperschaft: Internationalen Amerikanistenkongresses ( Stuttgart- Munich, Alemania)
Format: Tagungsbericht Buch
Sprache:German
Veröffentlicht: Munich, Alemania : Klaus Renner, 1969, c1969
Tags: Tag hinzufügen
Keine Tags, Fügen Sie das erste Tag hinzu!

MARC

LEADER 00000nam^a2200000^a^4500
001 000558097
005 20250526000000.0
009 20260310131813.755
037 |a Acervo ITESO - Biblioteca 
041 |a ALE 
091 |a FHA. 01956 
111 |a Internationalen Amerikanistenkongresses (  |n 38o :  |d 1968 :  |c Stuttgart- Munich, Alemania) 
245 1 0 |a Verhandlungen des XXXVIII Internationalen Amerikanistenkongresses :  |b band I / 
264 4 |a Munich, Alemania :  |b Klaus Renner,  |c 1969, c1969 
300 |a 542 p. ;  |c 24.0 cm. 
336 |a texto  |b txt  |2 rdacontenido 
337 |a sin mediación  |b n  |2 rdamedio 
338 |a volumen  |b nc  |2 rdasoporte 
515 |a Inventario familia Hartung: 2523 
649 |a XX 
910 |a Fondo Horst Hartung Franz 
920 |a Impresos - Libros 
930 |a Libros Antiguos y Raros 
905 |a 135 
901 |a 0500331624  |b IT2  |c LRA  |i D  |u 20250526 
902 |a https://opac.biblio.iteso.mx/vufind/Record/000558097